Practical Java : (Record no. 48969)

MARC details
000 -LEADER
fixed length control field 00782cam a2200253 a 4500
001 - CONTROL NUMBER
control field 11836681
003 - CONTROL NUMBER IDENTIFIER
control field 0
005 - DATE AND TIME OF LATEST TRANSACTION
control field 20170224115010.0
008 - FIXED-LENGTH DATA ELEMENTS--GENERAL INFORMATION
fixed length control field 991105s2000 maua b 001 0 eng
010 ## - LIBRARY OF CONGRESS CONTROL NUMBER
LC control number 99057905
020 ## - INTERNATIONAL STANDARD BOOK NUMBER
International Standard Book Number 0201616467 (acidfree paper)
020 ## - INTERNATIONAL STANDARD BOOK NUMBER
International Standard Book Number 9780204616460
040 ## - CATALOGING SOURCE
Transcribing agency SPU
042 ## - AUTHENTICATION CODE
Authentication code pcc
050 00 - LIBRARY OF CONGRESS CALL NUMBER
Classification number QA76.73
Item number .J38H34 2000
100 1# - MAIN ENTRY--PERSONAL NAME
Personal name Haggar, Peter,
Dates associated with a name 1965-
245 10 - TITLE STATEMENT
Title Practical Java :
Remainder of title programming language guide /
Statement of responsibility, etc Peter Haggar.
260 ## - PUBLICATION, DISTRIBUTION, ETC. (IMPRINT)
Place of publication, distribution, etc Reading, Mass. :
Name of publisher, distributor, etc Addison-Wesley,
Date of publication, distribution, etc 2000.
300 ## - PHYSICAL DESCRIPTION
Extent xxx, 279 p. :
Other physical details ill. ;
Dimensions 24 cm.
440 #0 - SERIES STATEMENT/ADDED ENTRY--TITLE
Title Addison-Wesley professional computing series
504 ## - BIBLIOGRAPHY, ETC. NOTE
Bibliography, etc Includes bibliographical references (p. 246-247) and index.
650 #0 - SUBJECT ADDED ENTRY--TOPICAL TERM
Topical term or geographic name as entry element Java (Computer program language)
942 ## - ADDED ENTRY ELEMENTS (KOHA)
Source of classification or shelving scheme Library of Congress Classification
Koha item type Book
Holdings
Withdrawn status Lost status Source of classification or shelving scheme Damaged status Not for loan Collection code Home library Current library Shelving location Date acquired Source of acquisition Cost, normal purchase price Total Checkouts Full call number Barcode Date checked out Copy number Price effective from Koha item type
    Library of Congress Classification     Non-fiction Bishop Okullu Memorial Library (Limuru Campus) Bishop Okullu Memorial Library (Limuru Campus) General Circulation 24/02/2017 Donation-BFA 1000.00 1 QA76.73 .J38H34 2000 051139 22/11/2022 1 24/02/2017 Book